000 01135nam a2200313 c 4500
003 BLK
005 20180420233458.0
008 180410b bul|||||r ||||||| ||bul||
010 _aKNG00151685000
020 _a978-954-392-138-6
_bиздат.: Пропелер
040 _aBLK
041 _aBUL
_cBUL
072 7 _2bullib
_aН8400
_xБългарска поезия Н
080 _aБългарска литература
_b821.163.2
_x-1
_z821.163.2-1
100 1 _aФилипова, Кръстина Петрова
_eпърви автор
_9328752
139 _aФилипова, Кръстина Петрова
_bФ 50
245 1 0 _aРазпятия
_bПоезия
_cКръстина Петрова Филипова.
257 _aBGR
260 София
_bПропелер
_c2012
_fСофия : Direct Services
300 _a92 с.
_c20 см
380 _aX
653 _aстихотворения
659 _aН
852 _aЦб 265326
856 4 _qpdf
_u
856 4 _qpdf
_u
942 _cKNG
_n0
944 _aCR
_c11.10.2013
_lф /
_kЛюдмила_Стоянова
944 _aED
_c03.07.2017
_lф /
_kЛюдмила_Стоянова
999 _c145505
_d145505